000 00749cam a22002413a 4500
001 25151
003 PGUSA
005 20140828083536.0
008 080423s2008||||xxu|||||s|||||000 1 eng d
040 _aPGUSA
_beng
042 _adc
050 4 _aPZ
100 1 _aAlger, Horatio,
_d1832-1899
245 1 0 _aSlow and Sure :
_bThe Story of Paul Hoffman the Young Street-Merchant
_h[electronic resource] /
_cHoratio Alger
260 _bProject Gutenberg,
_c2008
506 _aPublic domain in the USA.
516 _aElectronic text
653 _aNew York (N.Y.) -- Juvenile fiction
653 _aBoys -- Conduct of life -- Juvenile fiction
830 0 _aProject Gutenberg
_v25151
856 4 0 _uhttp://www.gutenberg.org/ebooks/25151
942 _cEB
999 _c254406
_d254406